Journal of Management Outlook (Record no. 201209)

MARC details
000 -LEADER
fixed length control field 00353nam a2200109 4500
008 - FIXED-LENGTH DATA ELEMENTS--GENERAL INFORMATION
fixed length control field 240305b |||||||| |||| 00| 0 eng d
022 ## - INTERNATIONAL STANDARD SERIAL NUMBER
International Standard Serial Number 2231-1769
245 ## - TITLE STATEMENT
Title Journal of Management Outlook
Statement of responsibility, etc Edited by Praveen Jain
260 ## - PUBLICATION, DISTRIBUTION, ETC. (IMPRINT)
Place of publication, distribution, etc Rajasthan
Name of publisher, distributor, etc Research Development Association
Date of publication, distribution, etc July-December 2023
300 ## - PHYSICAL DESCRIPTION
Extent Vol.13, No.2
Dimensions 24cm
942 ## - ADDED ENTRY ELEMENTS (KOHA)
Source of classification or shelving scheme Dewey Decimal Classification
Item type Periodicals
Call number suffix JOU
Serial record 1
Holdings
Withdrawn status Lost status Source of classification or shelving scheme Damaged status Not for loan Collection code Home library Current library Shelving location Date acquired Source of acquisition Total Checkouts Full call number Date last seen Price effective from Koha item type
    Dewey Decimal Classification   Not For Loan Non-fiction D.B.Act.Division D.B.Act.Division On Display 05/03/2024 DBAD/PUB   JOU 05/03/2024 05/03/2024 Periodicals

© Delhi Public Library
Hit Counter
free hit counter